[Event "40th Guernsey Open 2014"]
[Site "Vale GCI"]
[Date "2014.10.21"]
[Round "3.8"]
[White "Jackson, Oliver A"]
[Black "Da Ces, Philippe"]
[Result "1/2-1/2"]
[WhiteTitle "FM"]
[WhiteElo "2142"]
[BlackElo "1969"]
[WhiteFideId "403156"]
[BlackFideId "202665"]
[EventDate "2014.10.19"]
[EventType "swiss"]

1. e4 d5 2. exd5 Qxd5 3. Nc3 Qa5 4. d4 Nf6 5. Bc4 Bg4 6. f3 Bf5 7. Ne2 Nbd7 8.
O-O e6 9. Bf4 Bd6 10. Bxd6 cxd6 11. Ng3 Bg6 12. f4 O-O 13. f5 exf5 14. Nce2 Nh5
15. Qe1 Qc7 16. Bb3 Nxg3 17. Nxg3 Rae8 18. Qd2 Nf6 19. Nxf5 Re4 20. Ng3 Re7 21.
c3 Rfe8 22. Ba4 Rb8 23. Nf5 Re4 24. Bc2 Ree8 25. Qf4 Re6 26. Bb3 Bxf5 27. Qxf5
Re3 28. Qg5 Qe7 29. Rxf6 h6 30. Bxf7+ Kf8 31. Qg6 Qxf6 32. Qh7 Kxf7 33. Rf1
Qxf1+ 34. Kxf1 Rbe8 35. h3 Re1+ 36. Kf2 R8e2+ 37. Kg3 1/2-1/2

[Event "40th Guernsey Open 2014"]
[Site "Vale GCI"]
[Date "2014.10.21"]
[Round "3.9"]
[White "Dijksterhuis, Rolf"]
[Black "Johnsen, Gunnar"]
[Result "1/2-1/2"]
[WhiteElo "1971"]
[BlackElo "2140"]
[WhiteFideId "1006452"]
[BlackFideId "1500511"]
[EventDate "2014.10.19"]
[EventType "swiss"]

1. d4 e6 2. e4 d5 3. Nc3 Bb4 4. Ne2 Nc6 5. e5 f6 6. exf6 Nxf6 7. a3 Bd6 8. Bg5
h6 9. Bh4 O-O 10. Qd2 a6 11. Bg3 b5 12. Nf4 b4 13. axb4 Bxb4 14. f3 e5 15. Nd3
exd4 16. Nxb4 Nxb4 17. Na2 Qe7+ 18. Be2 Nxa2 19. Rxa2 Re8 20. Kd1 c5 21. Re1 Qb7
22. Kc1 Bf5 23. Qf4 Bh7 24. Qd2 Re6 25. Bd3 Rae8 26. Rxe6 Rxe6 27. Ra3 Bxd3 28.
Qxd3 Rb6 29. Ra2 a5 30. b3 Rb4 31. Be1 c4 32. Qxd4 cxb3 33. Bxb4 bxa2 34. Bc3
Qb1+ 35. Kd2 Qf1 36. Qa4 Qxg2+ 37. Ke3 Qg1+ 38. Kd3 Qd1+ 39. Ke3 Qg1+ 40. Kd3
Qf1+ 41. Ke3 Qc4 42. Qxc4 dxc4 43. Kd4 Kf7 44. Kxc4 Ke6 45. Kb3 Kd5 46. Kxa2 a4
47. Ka3 Kc4 48. Bxf6 gxf6 49. Kxa4 Kc3 50. Kb5 Kxc2 51. Kc4 Kd2 52. Kd4 1/2-1/2

[Event "40th Guernsey Open 2014"]
[Site "Vale GCI"]
[Date "2014.10.21"]
[Round "3.10"]
[White "Van den Boogaart, Jan Maarten"]
[Black "Dilleigh, Stephen P"]
[Result "1/2-1/2"]
[WhiteElo "2041"]
[BlackElo "2128"]
[WhiteFideId "1044559"]
[BlackFideId "408379"]
[EventDate "2014.10.19"]
[EventType "swiss"]

1. e4 e6 2. d4 d5 3. Nc3 Nf6 4. Bg5 dxe4 5. Nxe4 Nbd7 6. Nf3 h6 7. Nxf6+ Nxf6 8.
Bh4 c5 9. Bb5+ Bd7 10. Bxd7+ Qxd7 11. c3 cxd4 12. Qxd4 Qxd4 13. Nxd4 Bc5 14. Nb3
Be7 15. Rd1 Ne4 16. Bxe7 Kxe7 17. Ke2 Rhd8 18. f3 Nf6 19. Na5 Rxd1 20. Rxd1 Rc8
21. Nxb7 Rb8 22. Na5 Rxb2+ 23. Rd2 Rb6 24. c4 Ra6 25. Nb3 e5 26. Kd3 Nd7 27. Kc3
Nf8 28. Nc5 Rc6 29. Nd3 Nd7 30. Nb4 Rc8 31. Nd5+ Ke6 32. Rb2 Nc5 33. Rb5 f5 34.
Ra5 a6 35. Nb4 e4 36. Kd4 exf3 37. gxf3 Kd6 38. Nxa6 Ne6+ 39. Kc3 f4 40. Rf5 Ra8
41. Nb4 Ra3+ 42. Kd2 Rxf3 43. h4 Ra3 44. c5+ Ke7 45. Nd5+ Kd7 46. Nxf4 Nxf4 47.
Rxf4 Kc6 48. Rg4 Kxc5 49. Rxg7 Rxa2+ 50. Ke3 Ra4 51. h5 Rh4 52. Rh7 Rxh5 53. Kf4
Rh1 1/2-1/2

[Event "40th Guernsey Open 2014"]
[Site "Vale GCI"]
[Date "2014.10.21"]
[Round "3.11"]
[White "Heppell, Ian N"]
[Black "Goris, Ton"]
[Result "1/2-1/2"]
[WhiteElo "2087"]
[BlackElo "2039"]
[WhiteFideId "412058"]
[BlackFideId "1003526"]
[EventDate "2014.10.19"]
[EventType "swiss"]

1. e4 e6 2. d4 d5 3. Nc3 Nf6 4. e5 Nfd7 5. f4 c5 6. Nf3 Nc6 7. Be3 cxd4 8. Nxd4
Bc5 9. Qd2 a6 10. Be2 O-O 11. O-O-O Nxd4 12. Bxd4 b5 13. Bxc5 Nxc5 14. Bf3 Bb7
15. Kb1 Qc7 16. Ne2 Rac8 17. Nd4 Ne4 18. Bxe4 dxe4 19. Rhe1 Bd5 20. Re3 Qb6 21.
Rc3 b4 22. Rxc8 Rxc8 23. f5 a5 24. f6 Qd8 25. Qg5 g6 26. h4 Qf8 27. g4 h6 28.
Qe3 Rc5 29. Ne2 Kh7 30. Nf4 Qc8 31. Rd2 Qc7 32. Nxd5 Rxd5 33. Rxd5 exd5 34. Qd4
Qd7 35. b3 g5 36. hxg5 hxg5 37. Qc5 Qxg4 38. Qf8 Qd1+ 39. Kb2 Qd4+ 40. Kb1 1/2-1/2

[Event "40th Guernsey Open 2014"]
[Site "Vale GCI"]
[Date "2014.10.21"]
[Round "3.13"]
[White "Reijneveld, Ad"]
[Black "De Kruif, Kees"]
[Result "1/2-1/2"]
[WhiteElo "2120"]
[BlackElo "1927"]
[WhiteFideId "1010654"]
[BlackFideId "1006479"]
[EventDate "2014.10.19"]
[EventType "swiss"]

1. e4 c5 2. Nf3 d6 3. Bb5+ Bd7 4. Bxd7+ Nxd7 5. O-O e5 6. c3 Ngf6 7. Re1 Be7 8.
d4 O-O 9. Nbd2 b5 10. Nf1 Re8 11. Ng3 Bf8 12. h3 Qb6 13. d5 g6 14. a4 b4 15. Be3
bxc3 16. bxc3 Rab8 17. Qd3 1/2-1/2

[Event "40th Guernsey Open 2014"]
[Site "Vale GCI"]
[Date "2014.10.21"]
[Round "3.14"]
[White "Hamperl, Fred"]
[Black "Magnussen, Pal"]
[Result "0-1"]
[WhiteTitle "FM"]
[WhiteElo "2114"]
[BlackElo "1952"]
[WhiteFideId "10700110"]
[BlackFideId "1711814"]
[EventDate "2014.10.19"]
[EventType "swiss"]

1. e4 e5 2. Nf3 Nc6 3. d4 exd4 4. Nxd4 g6 5. Bc4 Bg7 6. Nxc6 bxc6 7. O-O Ne7 8.
Qf3 O-O 9. Nc3 d6 10. Bg5 h6 11. Be3 Kh7 12. Rad1 f5 13. exf5 Bxf5 14. Qe2 Bd7
15. Bd4 Bxd4 16. Rxd4 Nf5 17. Rd2 d5 18. Bd3 Qg5 19. f4 Qf6 20. g4 Rae8 21. gxf5
Rxe2 22. fxg6+ Kg7 23. Nxe2 Bg4 24. Rf2 Bxe2 25. Rdxe2 c5 26. c3 c4 27. Bc2 c5
28. b3 cxb3 29. axb3 Rd8 30. Re5 Rd7 31. Rfe2 d4 32. cxd4 cxd4 33. Bd3 Rc7 34.
Re6 Qh4 35. Bf5 d3 36. Bxd3 Qg4+ 37. Kf2 Qxf4+ 38. Kg2 Qg5+ 39. Kh3 h5 40. Rg2
Qd5 41. Bc4 Qf5+ 42. Kg3 Rd7 43. Rge2 h4+ 44. Kg2 Rd4 45. Re7+ Kh6 46. Rf7 Rg4+
47. Kh1 Qb1+ 0-1

[Event "40th Guernsey Open 2014"]
[Site "Vale GCI"]
[Date "2014.10.21"]
[Round "3.15"]
[White "Kraft, Karl-Heinz"]
[Black "Purdon, Colin"]
[Result "1/2-1/2"]
[WhiteElo "2004"]
[BlackElo "2106"]
[WhiteFideId "12924121"]
[BlackFideId "408581"]
[EventDate "2014.10.19"]
[EventType "swiss"]

1. e4 Nf6 2. Nc3 d5 3. e5 Nfd7 4. f4 c5 5. Nf3 e6 6. d4 Nc6 7. Be3 Be7 8. Qd2 a6
9. dxc5 Nxc5 10. O-O-O Bd7 11. Kb1 Qa5 12. Bd3 O-O-O 13. Nd4 Nxd4 14. Bxd4 Kb8
15. a3 Nxd3 16. Qxd3 Rc8 17. Qe3 Rc6 18. Na2 Rhc8 19. Rd2 Bc5 20. Bxc5 Qxc5 21.
Qxc5 Rxc5 22. c3 Rc4 23. Rd4 Ba4 24. Rxc4 Rxc4 25. Rf1 Re4 26. Nc1 f6 27. exf6
gxf6 28. Rf2 Kc7 29. b3 Be8 30. Kc2 Kd6 31. Kd2 d4 32. cxd4 Rxd4+ 33. Ke3 Rd1
34. Rd2+ Rxd2 35. Kxd2 a5 36. Ne2 Bc6 37. g3 e5 38. fxe5+ fxe5 39. Nc3 h5 40.
Ke3 Ke6 41. Ne4 Bd5 42. b4 axb4 43. axb4 Kf5 44. Nf2 Bc6 45. Nd1 Kg4 46. Nf2+
Kf5 47. Nd1 Kg4 1/2-1/2

[Event "40th Guernsey Open 2014"]
[Site "Vale GCI"]
[Date "2014.10.21"]
[Round "3.16"]
[White "Curtis, John E"]
[Black "Rowe, Peter"]
[Result "1-0"]
[BlackTitle "CM"]
[WhiteElo "2100"]
[BlackElo "1962"]
[WhiteFideId "411892"]
[BlackFideId "10700099"]
[EventDate "2014.10.19"]
[EventType "swiss"]

1. d4 d6 2. e4 Nf6 3. Nc3 Nbd7 4. f4 e5 5. Nf3 exd4 6. Qxd4 c6 7. Be3 d5 8.
O-O-O Bc5 9. Qd2 Bxe3 10. Qxe3 dxe4 11. Nxe4 O-O 12. Bc4 Qe7 13. Nxf6+ Qxf6 14.
Rhe1 b5 15. Bd3 Nb6 16. Qe5 Nd5 17. Bxb5 Qxf4+ 18. Qxf4 Nxf4 19. Bxc6 Rb8 20. g3
Ne6 21. Ne5 Rb6 22. Bg2 Nc5 23. Bd5 Ne6 24. Nc6 Bb7 25. Ne7+ Kh8 26. Bxb7 Rxb7
27. Nd5 Rfb8 28. b3 g6 29. Nf4 Nc5 30. Rd5 Rc8 31. Red1 Kg7 32. Rd8 Rc6 33. R1d6
Rxd6 34. Rxd6 Ne4 35. Rd4 f5 36. c4 g5 37. Nd3 Nc3 38. Kb2 Nd1+ 39. Ka3 Ne3 40.
Rd6 Nf1 41. c5 Nxh2 42. c6 Rb8 43. Rd7+ Kg6 44. Rxa7 Nf1 45. Ne5+ Kh6 46. c7 Rc8
47. Nf7+ Kg6 48. Nd6 Rf8 49. c8=Q Rxc8 50. Nxc8 Nxg3 51. Ne7+ Kf6 52. Nxf5 Nxf5
53. Rxh7 g4 54. Rh1 Ke5 55. Kb4 Kf4 56. a4 Kf3 57. a5 Kg2 58. Rh5 Nd4 59. a6 Kf3
60. Kc5 Ne6+ 61. Kb6 g3 62. Rh3 1-0

[Event "40th Guernsey Open 2014"]
[Site "Vale GCI"]
[Date "2014.10.21"]
[Round "3.17"]
[White "Bolt, Graham"]
[Black "Wager, John D"]
[Result "0-1"]
[WhiteElo "1981"]
[BlackElo "2088"]
[WhiteFideId "410438"]
[BlackFideId "420204"]
[EventDate "2014.10.19"]
[EventType "swiss"]

1. g3 f5 2. Bg2 Nf6 3. d3 e5 4. e3 d5 5. Ne2 c6 6. b3 Bd6 7. Bb2 O-O 8. Nd2 Be6
9. Nf3 Nbd7 10. Ng5 Qe7 11. Nxe6 Qxe6 12. O-O Rad8 13. Qd2 Qe7 14. a4 e4 15.
Rad1 Ne5 16. Bxe5 Bxe5 17. Qa5 Bb8 18. c4 b6 19. Qc3 Be5 20. Qc2 g6 21. Rc1 Kg7
22. Rfd1 Rd7 23. d4 Bd6 24. c5 bxc5 25. dxc5 Be5 26. Nd4 Rc7 27. b4 Rb8 28. Rb1
Kf7 29. Bf1 h5 30. Rdc1 Nd7 31. Qd2 Qf6 32. Nb3 h4 33. b5 hxg3 34. hxg3 Rh8 35.
bxc6 Qxc6 36. Nd4 Bxd4 37. exd4 Nf8 38. Bb5 Qf6 39. Rd1 Ne6 40. Qa2 Qd8 41. Ba6
Ng5 42. Kg2 f4 43. Rb7 f3+ 44. Kg1 Ke6 45. Re1 Qd7 46. Rxc7 Qxc7 47. Bf1 Qh7 0-1

[Event "40th Guernsey Open 2014"]
[Site "Vale GCI"]
[Date "2014.10.21"]
[Round "3.18"]
[White "Hickman, John E"]
[Black "Lochte, Thomas"]
[Result "0-1"]
[WhiteElo "1893"]
[BlackElo "2071"]
[WhiteFideId "408565"]
[BlackFideId "4606272"]
[EventDate "2014.10.19"]
[EventType "swiss"]

1. Nf3 Nf6 2. g3 c5 3. Bg2 Nc6 4. O-O d5 5. d3 e5 6. Nbd2 Bg4 7. h3 Bf5 8. Nh4
Be6 9. e4 d4 10. a4 Qd7 11. Kh2 g5 12. Nf5 h5 13. Nf3 Bxf5 14. exf5 g4 15. Nh4
Be7 16. Qe2 gxh3 17. Bxh3 Ng4+ 18. Bxg4 hxg4 19. Qxg4 O-O-O 20. Qe4 Rdg8 21. Rh1
Bxh4 22. gxh4 Rh5 23. Bd2 Rxf5 24. f3 Rh5 25. Rag1 Rgh8 26. Bg5 f5 27. Qe1 e4
28. dxe4 Re8 29. Qg3 fxe4 30. fxe4 Rxe4 31. Qf3 Qd6+ 32. Kg2 Qg6 33. Kf2 Rh8 34.
Qh3+ Kb8 35. Rg4 Rf8+ 36. Kg3 Qd6+ 37. Kg2 Re2+ 38. Kg1 Re1+ 39. Kg2 Qd5+ 0-1

[Event "40th Guernsey Open 2014"]
[Site "Vale GCI"]
[Date "2014.10.21"]
[Round "3.19"]
[White "Rosen, Daniel B"]
[Black "Karcher, Berthold"]
[Result "1-0"]
[WhiteTitle "CM"]
[WhiteElo "2068"]
[BlackElo "1861"]
[WhiteFideId "405418"]
[BlackFideId "24669687"]
[EventDate "2014.10.19"]
[EventType "swiss"]

1. e4 c5 2. Nc3 a6 3. d3 e6 4. g3 g6 5. Bg2 Bg7 6. Nge2 Nc6 7. O-O Nge7 8. Be3
b6 9. d4 cxd4 10. Nxd4 O-O 11. Na4 Nxd4 12. Bxd4 Bxd4 13. Qxd4 b5 14. Nc5 Nc6
15. Qd6 Qe7 16. Rfd1 Qxd6 17. Rxd6 Ra7 18. Rad1 Ne5 19. b3 g5 20. Nd3 Nxd3 21.
R1xd3 Rc7 22. c3 f5 23. Kf1 h6 24. Ke2 Rf7 25. exf5 Rxf5 26. Be4 Rf8 27. f3 Kg7
28. Kd2 Kf6 29. R3d4 Ke7 30. Rd3 Rf6 31. Kc2 Rf8 32. Kb2 Rf6 33. Ka3 a5 34. Kb2
Rf8 35. Kc2 b4 36. c4 a4 37. Kb2 a3+ 38. Kc2 Bb7 39. Bxb7 Rxb7 40. Ra6 Rf5 41.
Kd2 Rc5 42. Rdd6 Kf6 43. Rdb6 Rcc7 44. Ke3 h5 45. Kd4 Ke7 46. Rxb7 Rxb7 47. Ra5
Kf6 48. h4 gxh4 49. gxh4 d5 50. cxd5 exd5 51. Rxd5 Kg6 52. Rg5+ Kh6 53. Kc4 Rf7
54. Kxb4 Rxf3 55. Rc5 1-0

[Event "40th Guernsey Open 2014"]
[Site "Vale GCI"]
[Date "2014.10.21"]
[Round "3.20"]
[White "Grieve, Harry"]
[Black "Fulton, A.J."]
[Result "1-0"]
[WhiteElo "1738"]
[BlackElo "2026"]
[WhiteFideId "426520"]
[BlackFideId "15600025"]
[EventDate "2014.10.19"]
[EventType "swiss"]

1. e4 c5 2. d4 cxd4 3. c3 d3 4. c4 Nc6 5. Nc3 e6 6. Nf3 Bb4 7. Qxd3 d6 8. Bg5
Nf6 9. a3 Bxc3+ 10. Qxc3 O-O 11. Bd3 Ne5 12. Nxe5 dxe5 13. f4 exf4 14. Bxf4 Nd7
15. O-O-O Nc5 16. Bc2 Qb6 17. Rd6 Qc7 18. b4 Nd7 19. e5 Rd8 20. Qd3 Nf8 21. Rxd8
Qxd8 22. Qxd8 b6 23. Be4 Rb8 24. Rd1 1-0

[Event "40th Guernsey Open 2014"]
[Site "Vale GCI"]
[Date "2014.10.21"]
[Round "3.21"]
[White "Maloberti, David"]
[Black "Reutimann, Hans Peter"]
[Result "1-0"]
[WhiteElo "2063"]
[BlackElo "1817"]
[WhiteFideId "620149"]
[BlackFideId "1313886"]
[EventDate "2014.10.19"]
[EventType "swiss"]

1. d4 d5 2. c4 e6 3. Nf3 Nf6 4. e3 Bd6 5. c5 Be7 6. Nc3 O-O 7. Bd3 Nc6 8. O-O b6
9. Bb5 Bb7 10. Qa4 Nb8 11. c6 Bc8 12. Ne5 Bd6 13. f4 Ne4 14. Nxe4 dxe4 15. Bd2
Qe7 16. Rac1 Rd8 17. Nc4 a5 18. a3 Ba6 19. f5 exf5 20. Rxf5 Bc8 21. Rf2 Be6 22.
b4 Bxc4 23. Bxc4 Rf8 24. Rcf1 1-0

[Event "40th Guernsey Open 2014"]
[Site "Vale GCI"]
[Date "2014.10.21"]
[Round "3.22"]
[White "Goris-Schouwstra, Adry"]
[Black "Taylor, Mark V"]
[Result "0-1"]
[WhiteElo "1885"]
[BlackElo "2061"]
[WhiteFideId "1012746"]
[BlackFideId "409243"]
[EventDate "2014.10.19"]
[EventType "swiss"]

1. d4 d6 2. c4 f5 3. Nc3 Nf6 4. g3 e6 5. Bg2 Be7 6. e4 fxe4 7. Nxe4 O-O 8. Ne2
d5 9. Nxf6+ Bxf6 10. cxd5 exd5 11. O-O c6 12. Be3 Bf5 13. Qb3 Qb6 14. Qxb6 axb6
15. a3 Nd7 16. Nc3 b5 17. h3 h6 18. Rfc1 Nb6 19. b3 Ra7 20. g4 Bd3 21. Ra2 Rd8
22. Rd1 Bg6 23. Rda1 Be7 24. Bc1 b4 25. Ne2 bxa3 26. Nf4 Bf7 27. Nd3 Nd7 28. f4
Nf6 29. Ne5 Ne4 30. Bxe4 dxe4 31. Nxf7 Kxf7 32. Re2 c5 33. Rxe4 cxd4 34. Kf2 d3
35. Ra2 Rc8 36. Rc4 Rxc4 37. bxc4 Ra4 0-1

[Event "40th Guernsey Open 2014"]
[Site "Vale GCI"]
[Date "2014.10.21"]
[Round "3.23"]
[White "Kirkwood, Robin"]
[Black "Canonne, Antoine"]
[Result "0-1"]
[WhiteElo "2046"]
[BlackElo "1945"]
[WhiteFideId "1800990"]
[BlackFideId "619388"]
[EventDate "2014.10.19"]
[EventType "swiss"]

1. Nf3 Nc6 2. d4 d5 3. g3 Bg4 4. Bg2 Nf6 5. O-O e6 6. Nbd2 Be7 7. b3 O-O 8. Bb2
Re8 9. c4 Bf8 10. a3 h6 11. b4 a6 12. Rc1 Ne7 13. Ne5 Bf5 14. f3 c6 15. e4 Bh7
16. Qe2 Rc8 17. f4 dxe4 18. Nxe4 Nxe4 19. Bxe4 Bxe4 20. Qxe4 Nf5 21. g4 Nd6 22.
Qf3 Qh4 23. c5 Nb5 24. f5 Rc7 25. a4 Na7 26. Qf4 exf5 27. Qxf5 Qg5 28. Qf2 Rxe5
29. dxe5 Qxg4+ 30. Kh1 Qxb4 31. e6 Qe4+ 32. Qf3 Qxe6 33. Rfe1 Qa2 34. Be5 Rc8
35. Red1 Re8 36. Bf4 g5 37. Rd2 Qxa4 38. Rg2 Qe4 39. Qg3 Bg7 40. Rd1 Nb5 41.
Bxg5 hxg5 42. Qxg5 Qe5 43. Qxe5 Rxe5 44. Rdg1 Rxc5 45. Rxg7+ Kf8 46. Rg8+ Ke7
47. Re1+ Kd7 48. Rd1+ Nd6 49. Rf8 Ke7 0-1

[Event "40th Guernsey Open 2014"]
[Site "Vale GCI"]
[Date "2014.10.21"]
[Round "3.24"]
[White "Gravett, Alan D"]
[Black "Collier, David O"]
[Result "0-1"]
[WhiteElo "1871"]
[BlackElo "2043"]
[WhiteFideId "406171"]
[BlackFideId "406422"]
[EventDate "2014.10.19"]
[EventType "swiss"]

1. Nf3 Nf6 2. g3 d5 3. Bg2 Bf5 4. c4 c6 5. cxd5 cxd5 6. O-O Nc6 7. d3 e5 8. Nc3
d4 9. Nh4 Be6 10. Ne4 Nxe4 11. Bxe4 Be7 12. Nf5 Bf6 13. Qa4 Qd7 14. g4 h5 15.
Qb5 hxg4 16. Qxb7 Qxb7 17. Nd6+ Kd7 18. Nxb7 Be7 19. b3 Rab8 20. Bxc6+ Kxc6 21.
Na5+ Kd7 22. Nc4 Rh5 23. Nxe5+ Rxe5 24. Bf4 Rbb5 25. Bxe5 Rxe5 26. f4 Rxe2 27.
f5 Bd5 28. Rf4 Bg5 0-1

[Event "40th Guernsey Open 2014"]
[Site "Vale GCI"]
[Date "2014.10.21"]
[Round "3.25"]
[White "Riedener, Toni"]
[Black "Dennis, Nigel W"]
[Result "0-1"]
[WhiteElo "2039"]
[BlackElo "1826"]
[WhiteFideId "1302698"]
[BlackFideId "408913"]
[EventDate "2014.10.19"]
[EventType "swiss"]

1. d4 Nf6 2. c4 g6 3. Nc3 Bg7 4. e4 d6 5. Be2 O-O 6. Bg5 Nbd7 7. Qd2 c5 8. d5 a6
9. a4 Qa5 10. Ra3 Qc7 11. Nf3 b6 12. O-O Bb7 13. Bd3 Rfe8 14. Ne1 e6 15. f4 exd5
16. exd5 Rf8 17. Nf3 Rae8 18. Raa1 Bc8 19. Qc2 Ng4 20. Qd2 Ndf6 21. Rae1 Nh6 22.
Nh4 Rxe1 23. Rxe1 Qd7 24. f5 Nhg4 25. h3 Ne5 26. Rf1 Nxd3 27. Qxd3 h6 28. Be3 g5
29. Nf3 Qxf5 30. Qd2 Ne4 31. Qc1 Nxc3 32. bxc3 Qd3 33. Bxg5 hxg5 34. Qxg5 Qg6
35. Qf4 Bh6 36. Qh4 Re8 37. Nh2 Qg5 0-1

[Event "40th Guernsey Open 2014"]
[Site "Vale GCI"]
[Date "2014.10.21"]
[Round "3.26"]
[White "Broek, Thomas"]
[Black "Shaw, Meyrick"]
[Result "1-0"]
[WhiteElo "2201"]
[BlackElo "1964"]
[WhiteFideId "1005731"]
[BlackFideId "430803"]
[EventDate "2014.10.19"]
[EventType "swiss"]

1. e4 e5 2. Nf3 d6 3. Bc4 Nd7 4. d4 Be7 5. dxe5 Nxe5 6. Nxe5 dxe5 7. Qh5 g6 8.
Qxe5 f6 9. Qb5+ Kf8 10. Qb3 Kg7 11. Nc3 c6 12. a4 Nh6 13. h3 Rf8 14. O-O Qc7 15.
Ne2 Bd6 16. Be3 Bd7 17. Rad1 b6 18. Qd3 Bh2+ 19. Kh1 Rad8 20. Bxh6+ Kxh6 21.
Qe3+ g5 22. g3 Bxh3 23. Rfe1 Bxg3 24. Qxg3 Qc8 25. Kh2 Bg4 26. f3 Bd7 27. Rd6 b5
28. Rg1 Kg7 29. Bd3 h6 30. e5 Bf5 31. Bxf5 Qxf5 32. Nd4 Qxe5 33. Qxe5 fxe5 34.
Ne6+ 1-0

[Event "40th Guernsey Open 2014"]
[Site "Vale GCI"]
[Date "2014.10.21"]
[Round "3.27"]
[White "Bakker, Joop"]
[Black "Brown, Rowan M"]
[Result "0-1"]
[WhiteElo "1951"]
[BlackElo "2195"]
[WhiteFideId "1012100"]
[BlackFideId "404756"]
[EventDate "2014.10.19"]
[EventType "swiss"]

1. d4 Nf6 2. Nc3 d6 3. e4 g6 4. Bg5 Bg7 5. e5 dxe5 6. dxe5 Qxd1+ 7. Rxd1 Nfd7 8.
f4 c6 9. Nf3 Nc5 10. Nd4 Ne6 11. Nxe6 Bxe6 12. Bh4 Nd7 13. Be2 h6 14. O-O b5 15.
Bf3 Rc8 16. a3 g5 17. fxg5 hxg5 18. Bxg5 Bxe5 19. g3 f6 20. Bd2 Kf7 21. b3 Bd4+
22. Kh1 Rxh2+ 23. Kxh2 Rh8+ 24. Bh5+ Rxh5+ 25. Kg2 Bh3+ 26. Kf3 Ne5+ 27. Ke4 Bb6
28. g4 Rh4 29. Ne2 Bg2+ 30. Kf4 Rxg4+ 0-1

[Event "40th Guernsey Open 2014"]
[Site "Vale GCI"]
[Date "2014.10.21"]
[Round "3.28"]
[White "Morcom, Huw"]
[Black "Gieben, Stijn"]
[Result "0-1"]
[WhiteElo "1956"]
[BlackElo "2157"]
[WhiteFideId "1800469"]
[BlackFideId "1034170"]
[EventDate "2014.10.19"]
[EventType "swiss"]

1. e4 c5 2. Nf3 e6 3. d3 a6 4. Be2 b5 5. O-O Bb7 6. Nbd2 Nc6 7. Re1 Qc7 8. c3
Nf6 9. a3 Be7 10. d4 cxd4 11. cxd4 Qb6 12. e5 Nd5 13. Ne4 h6 14. Nc3 Na5 15. Bd2
O-O 16. b4 Nxc3 17. Bxc3 Nc4 18. Bxc4 bxc4 19. Re3 Qc6 20. Qf1 Rac8 21. Rd1 Qd5
22. Ne1 f6 23. Nc2 f5 24. f4 g5 25. Rg3 Kh7 26. fxg5 Bxg5 27. Qe2 Rg8 28. Ne1
Bh4 0-1

[Event "40th Guernsey Open 2014"]
[Site "Vale GCI"]
[Date "2014.10.21"]
[Round "3.29"]
[White "De Boer, Albert"]
[Black "Phillips, Owen S"]
[Result "1/2-1/2"]
[WhiteElo "2017"]
[BlackElo "1915"]
[WhiteFideId "1007530"]
[BlackFideId "417882"]
[EventDate "2014.10.19"]
[EventType "swiss"]

1. e4 c5 2. b3 d6 3. Bb2 e5 4. Nc3 Nf6 5. Nf3 a6 6. a4 b6 7. Bc4 h6 8. Bd5 Ra7
9. d3 g5 10. Nd2 Bg7 11. Nc4 Be6 12. Ne3 Nxd5 13. exd5 Bc8 14. Qh5 O-O 15. h4 g4
16. Nxg4 f5 17. Nxh6+ Bxh6 18. Qxh6 Rh7 19. Qd2 Rxh4 20. O-O-O Rf7 21. g3 Rhh7
22. f4 Nd7 23. Rxh7 Rxh7 24. Qg2 Nf6 25. Ne2 Ng4 26. Rh1 Qe7 27. Kb1 b5 28. axb5
axb5 29. Rxh7 Qxh7 30. fxe5 dxe5 31. d6 Bb7 32. Qf1 1/2-1/2

[Event "40th Guernsey Open 2014"]
[Site "Vale GCI"]
[Date "2014.10.21"]
[Round "3.30"]
[White "Hawkins, James N H"]
[Black "Twitchell, David J"]
[Result "1/2-1/2"]
[WhiteElo "1923"]
[BlackElo "2009"]
[WhiteFideId "409928"]
[BlackFideId "414255"]
[EventDate "2014.10.19"]
[EventType "swiss"]

1. c4 Nf6 2. Nf3 c5 3. Nc3 Nc6 4. d4 cxd4 5. Nxd4 g6 6. e4 Bg7 7. Be3 d6 8. Be2
O-O 9. O-O Bd7 10. h3 Nxd4 11. Bxd4 Bc6 12. Bf3 Ne8 13. Bxg7 Nxg7 14. Qd2 Qb6
15. Nd5 Bxd5 16. exd5 Rac8 17. Rac1 Rc7 18. Rfd1 Rfc8 19. b3 1/2-1/2

[Event "40th Guernsey Open 2014"]
[Site "Vale GCI"]
[Date "2014.10.21"]
[Round "3.31"]
[White "Sikkel, Dirk"]
[Black "Brookfield, Toby"]
[Result "1-0"]
[BlackTitle "CM"]
[WhiteElo "2007"]
[BlackElo "1879"]
[WhiteFideId "1050079"]
[BlackFideId "10700234"]
[EventDate "2014.10.19"]
[EventType "swiss"]

1. e4 c5 2. Nf3 d6 3. Bb5+ Nc6 4. O-O Bd7 5. c3 Nf6 6. Re1 a6 7. Ba4 b5 8. Bc2
e5 9. d3 Be7 10. Nbd2 O-O 11. Nf1 Bg4 12. h3 Bxf3 13. Qxf3 b4 14. Ne3 bxc3 15.
bxc3 Qd7 16. Nc4 Rab8 17. Bg5 Ne8 18. Be3 Nc7 19. Ba4 Nb5 20. Rac1 f5 21. exf5
d5 22. Nb2 Nd6 23. Qxd5+ Rf7 24. Qxc6 Qxf5 25. Nc4 1-0

[Event "40th Guernsey Open 2014"]
[Site "Vale GCI"]
[Date "2014.10.21"]
[Round "3.32"]
[White "Hermes, Geoff R"]
[Black "Thurlow, Kevin J"]
[Result "0-1"]
[BlackTitle "CM"]
[WhiteElo "1931"]
[BlackElo "2005"]
[WhiteFideId "423254"]
[BlackFideId "406104"]
[EventDate "2014.10.19"]
[EventType "swiss"]

1. e4 c5 2. Nf3 e6 3. c3 d5 4. exd5 Qxd5 5. d4 Nf6 6. Be3 cxd4 7. Nxd4 a6 8. Nd2
e5 9. c4 Qd8 10. N4f3 Nc6 11. Qc2 Be7 12. h3 O-O 13. Be2 h6 14. O-O Be6 15. a3
Qc8 16. Nh2 Rd8 17. Bb6 Nd4 18. Bxd4 exd4 19. Bd3 Qc7 20. Rac1 Qf4 21. g3 Qc7
22. Bf5 d3 23. Bxd3 Qd6 0-1

[Event "40th Guernsey Open 2014"]
[Site "Vale GCI"]
[Date "2014.10.21"]
[Round "3.33"]
[White "Ippel, Cornelius"]
[Black "Kirby, Peter J."]
[Result "0-1"]
[BlackTitle "CM"]
[WhiteElo "1891"]
[BlackElo "1985"]
[WhiteFideId "1005146"]
[BlackFideId "409014"]
[EventDate "2014.10.19"]
[EventType "swiss"]

1. Nc3 c5 2. e4 Nc6 3. Nf3 g6 4. d4 cxd4 5. Nxd4 Bg7 6. Be3 Nf6 7. Nxc6 bxc6 8.
Bd3 O-O 9. O-O d5 10. exd5 cxd5 11. Be2 Qa5 12. Bd4 Rd8 13. Re1 e6 14. Be5 Qb4
15. a3 Qh4 16. Bg3 Qh6 17. a4 Bd7 18. Bb5 Bxb5 19. axb5 Ne4 20. Nxe4 dxe4 21.
Qe2 Bxb2 22. Rab1 Bc3 23. Red1 Rd2 24. Qxe4 Rad8 25. Rxd2 Qxd2 26. h3 Bd4 27.
Rf1 Rc8 28. Be5 Bxe5 29. Qxe5 Qxc2 30. Ra1 Qc7 31. Qe3 Qc5 32. Qf3 Qe5 33. Qa3
Rc7 34. Qa6 Qd4 35. Qa4 Rc1+ 0-1